Normal view MARC view
  • Novela alemana

Entry Materia

Number of records used in: 11

001 - NÚMERO DE CONTROL DEL REGISTRO

  • campo de control: 16432

003 - IDENTIFICADOR DE NUMERO DE CONTROL

  • campo de control: UPN

005 - FECHA Y HORA DE LA ÚLTIMA TRANSACCIÓN

  • campo de control: 20220613075853.0

008 - DATOS DE LONGITUD FIJA

  • campo de control de longitud fija: 220613nn acannaabn n ana d

035 ## - NÚMERO DE CONTROL DEL SISTEMA

  • Número de control del sistema: UPN10000016440

040 ## - FUENTE DE LA CATALOGACIÓN

  • Lengua de catalogación: SPA
  • Agencia de transcripción: UPN
  • Centro catalogador de origen: UPN

046 ## - FECHAS CON CODIFICACIÓN ESPECIAL

  • Fecha final para contenidos agregados: 2022

150 ## - ENCABEZAMIENTO - TEMÁTICO

  • Término de materia o nombre geográfico como elemento inicial: Novela alemana
  • Subdivisión de forma: Traducciones al español

670 ## - FUENTE EN LA QUE SE LOCALIZARON DATOS

  • Cita de la fuente: E
  • Información localizada: Novela norteamericana - Traducciones al español

902 ## - CATALOGADOR

  • Catalogador: MMA/141002